Statistiques concernant Pays avec un ou plusieurs C

Cliquez ici pour prendre le quiz!

Statistiques générales

  • Ce quiz a été pris 793 fois
    (230 depuis la dernière actualisation)
  • Le résultat moyen est 27 sur 38

Statistiques - réponses

Nombre de C Pays % Correct
CCanada
93%
CCCosta Rica
89%
CChine
89%
CCRépublique démocratique du Congo
89%
CRépublique du Congo
89%
CChili
88%
CCroatie
87%
CCorée du Sud
87%
CColombie
86%
CCorée du Nord
86%
CCuba
80%
CCameroun
77%
CFrance
75%
CSaint-Christophe-et-Niévès
75%
CCambodge
75%
CMaroc
72%
CRépublique tchèque
71%
CChypre
70%
CComores
70%
CSaint-Vincent-et-les-Grenadines
69%
CSainte-Lucie
69%
CRépublique dominicaine
67%
CCôte d'Ivoire
66%
CNicaragua
66%
CCRépublique centrafricaine
65%
CMacédoine du Nord
64%
CMadagascar
64%
CVatican
62%
CMonaco
62%
CCap-Vert
62%
CAutriche
62%
CTchad
58%
CGrèce
58%
CLiechtenstein
56%
CSeychelles
53%
CMaurice
52%
CMicronésie
48%
CSao Tomé-et-Principe
38%

Distribution des résultats

Percentile by Number Answered

% des personnes avec chaque résultat

Votre développement - résultats

Vous n’avez pas pris ce quiz depuis la dernière actualisation